[Event "GCT Zagreb 2019"]
[Site "Zagreb"]
[Date "2019.06.29"]
[Round "4.2"]
[White "Carlsen, Magnus"]
[Black "Mamedyarov, Shakhriyar"]
[Result "1/2-1/2"]
[WhiteElo "2875"]
[BlackElo "2774"]
[Annotator "TA"]
[PlyCount "117"]
[EventDate "2019.06.26"]
[EventType "tourn"]
[EventCountry "CRO"]
[SourceTitle "playchess.com"]
[Source "ChessBase"]
[SourceQuality "1"]

{[%evp 9,117,7,36,29,43,23,30,12,38,46,38,50,52,44,116,119,120,0,0,-34,0,0,-27,-127,0,0,0,-58,-57,-57,-64,-61,-47,-66,-61,-66,-52,-49,-30,-31,-26,-31,0,0,54,-8,83,62,83,25,25,22,26,24,28,29,29,21,27,29,47,46,46,47,37,39,58,14,14,11,16,10,13,10,10,10,10,10,10,10,10,9,10,10,10,0,0,0,0,0,0,0,0,0,0,0,0,0,0,0,0,-8,-8,-8,-8,-8,-8,-8,-8,-8]} 1. Nf3 Nf6 2. c4 g6 3. Nc3 d5 4. cxd5 Nxd5 5. h4 Nxc3 6. bxc3 {A16: English Opening: 1...Nf6 with ...d5} Bg7 (6... h6 7. e4 Bg7 8. d4 c5 9. Rb1 O-O 10. Be2 b6 11. Be3 Bb7 12. d5 e6 13. c4 {0-1 (46) Mareco,S (2649)-Ivanchuk,V (2710) Batumi 2018}) 7. h5 c5 8. Rb1 {White has an edge.} b6 $146 ({Predecessor:} 8... Nc6 9. e3 b6 10. d4 cxd4 11. cxd4 Bf5 12. Rb2 Rc8 13. Bb5 {1-0 (35) Podzielny,K (2451)-Gutman,L (2415) Senden 2014}) 9. e4 O-O 10. hxg6 hxg6 11. d4 Bb7 ({Better is} 11... Bg4 $14) 12. Ng5 $16 cxd4 13. Qg4 (13. Bc4 $16 Nd7 14. cxd4) 13... Nd7 $1 $11 14. Qh3 {[%csl Gg5,Gh1][%cal Rh3h7]} Nf6 15. e5 Nh5 16. e6 {[#]} (16. Be2 $11 Qd5 17. cxd4 Qxg2 18. Qxg2 Bxg2 19. Rh4) 16... Qd5 (16... f6 $1 $17 {[%cal Rf6g5]} 17. Nf7 Qd5) 17. exf7+ Rxf7 {Threatens to win with ...Rd8.} 18. Bd3 (18. Rb5 $11 Qxa2 19. Nxf7) 18... Qe5+ $15 19. Kd1 $1 dxc3 (19... Rxf2 20. Rb5 $16) 20. Nxf7 Kxf7 21. Re1 {[#]} ({Avoid the trap} 21. Qg4 $2 {[#]} c2+ $1 {[%mdl 512]} 22. Bxc2 Rd8+ 23. Bd2 Nf4 $19) 21... c2+ $1 {[%mdl 512]} 22. Bxc2 (22. Kxc2 Qxe1) 22... Rd8+ 23. Bd2 $1 Qd6 {[%csl Gd8][%cal Rd6d2][%mdl 1024] Black has compensation.} 24. Qe3 Nf4 25. Kc1 $1 Bh6 26. Kb2 $1 $36 {[%mdl 2048] Strongly threatening Rbd1. White has some pressure.} Rc8 (26... Qxd2 $2 27. Qxe7+ Kg8 28. Rbd1 $18) (26... Bg7+ $1 $11 27. Bc3 Nxg2 28. Bb3+ Ke8 29. Ba4+ Kf7 30. Bb3+ Ke8 31. Ba4+ Kf7 32. Bb3+) 27. Rbc1 ({White should play} 27. Rbd1 $1 $14) 27... e6 (27... Nd3+ $11 28. Qxd3 Bxd2 29. Rxe7+ {[%mdl 64] Remove Defender} (29. Bb3+ Kg7 $15) 29... Kxe7 30. Qxd6+ Kxd6) 28. Kb1 $16 Bxg2 29. Bb3 (29. Bxg6+ $16 Nxg6 30. Qxh6 Be4+ 31. Kb2 (31. Rxe4 Rxc1+ 32. Kxc1 Qc6+ {[%mdl 64] Double Attack} 33. Kb2 Qxe4 $11) 31... Qd4+ {[%mdl 64] Double Attack} 32. Bc3 Rxc3 33. Rxe4 {[%mdl 64] Deflection} Qxe4 34. Rxc3) 29... Rxc1+ $11 30. Bxc1 Bh3 31. Bb2 {Black must now prevent Rd1.} Bf5+ 32. Ka1 Bg7 33. Bxg7 Kxg7 34. Rd1 Nd3 35. Bc4 {[%cal Rc4d3]} Qe5+ 36. Qxe5+ Nxe5 $14 {[%mdl 4096] Endgame KRB-KBN} 37. Be2 g5 38. Rc1 Kf6 {The position is equal.} 39. Rc7 Bd3 40. Bxd3 Nxd3 41. Rxa7 {next Ra3 is good for White.} Nxf2 $11 {KR-KN} 42. Rb7 g4 43. Rxb6 {Hoping for a4.} g3 44. a4 {And now a5 would win.} Ne4 45. Rb1 {Rc1 is the strong threat.} Nc5 46. a5 {aiming for Ka2.} Ke5 47. Kb2 Kf4 48. Kc3 g2 49. Kc4 Na6 50. Kb5 Nb8 51. Kc4 Na6 52. Kb5 Nb8 53. Kc4 Na6 54. Rg1 Kg3 55. Kd4 Kf2 56. Rxg2+ Kxg2 57. Ke5 Nc5 {[#]} 58. a6 $1 {[%mdl 512]} Nxa6 {( -> ...Nc5)} 59. Kxe6 {Accuracy: White = 61%, Black = 60%.} 1/2-1/2

[Event "GCT Zagreb 2019"]
[Site "Zagreb"]
[Date "2019.06.29"]
[Round "4.3"]
[White "So, Wesley"]
[Black "Anand, Viswanathan"]
[Result "1/2-1/2"]
[WhiteElo "2754"]
[BlackElo "2767"]
[Annotator "TA"]
[PlyCount "53"]
[EventDate "2019.06.26"]
[EventType "tourn"]
[EventCountry "CRO"]
[SourceTitle "playchess.com"]
[Source "ChessBase"]
[SourceQuality "1"]

{[%evp 9,53,6,0,0,15,0,0,0,22,12,24,24,48,30,40,39,39,0,0,0,0,0,0,0,0,0,23,27,31,39,34,0,0,0,0,0,0,0,0,0,0,0,0,0,0,0]} 1. c4 e5 2. g3 Nf6 3. Bg2 c6 4. d4 e4 5. Bg5 (5. Nc3 d5 6. Bg5 Bb4 7. Qb3 Bxc3+ 8. Qxc3 O-O 9. f3 dxc4 10. Bxf6 Qxf6 11. fxe4 c5 12. e5 cxd4 13. exf6 dxc3 14. fxg7 {½-½ (40) McShane,L (2647)-Anand,V (2783) Germany 2018}) 5... d5 6. Bxf6 {A20: English Opening: 1...e5} Qxf6 7. Nc3 Bb4 8. e3 O-O $146 (8... Bxc3+ $5 9. bxc3 Nd7 $11) ({Predecessor:} 8... Bxc3+ 9. bxc3 O-O 10. Ne2 Qd6 11. O-O f5 12. cxd5 cxd5 {½-½ (32) Straka,Z (2576)-Williamson,H (2531) ICCF email 2017}) 9. Nge2 Be6 10. O-O Qe7 11. Nf4 {[%cal Rc4d5]} Bxc3 12. bxc3 Nd7 13. Qb3 Nb6 $1 14. cxd5 cxd5 15. Rfb1 g5 16. Nxe6 fxe6 17. a4 Rab8 18. Ra2 Qc7 19. Bf1 Rfc8 $1 20. Qb4 Nc4 {The position is equal.} 21. Bxc4 Qxc4 22. Qe7 Qxa2 23. Qxe6+ Kg7 24. Qe7+ Kg6 25. Qe6+ Kg7 26. Qe7+ Kg6 27. Qe6+ {Accuracy: White = 82%, Black = 63%.} 1/2-1/2

[Event "GCT Zagreb 2019"]
[Site "Zagreb"]
[Date "2019.06.29"]
[Round "4.4"]
[White "Aronian, Levon"]
[Black "Caruana, Fabiano"]
[Result "1/2-1/2"]
[WhiteElo "2752"]
[BlackElo "2819"]
[Annotator "TA"]
[PlyCount "73"]
[EventDate "2019.06.26"]
[EventType "tourn"]
[EventCountry "CRO"]
[SourceTitle "playchess.com"]
[Source "ChessBase"]
[SourceQuality "1"]

{[%evp 9,73,8,8,3,10,4,6,4,16,15,15,-10,-18,-14,-10,-23,0,-3,0,0,0,-44,-42,-42,-42,-27,-22,-43,0,-52,-25,-41,-18,-35,39,-19,-10,-33,0,-52,-57,-85,-64,-111,-58,-73,-38,-107,-29,-64,-16,-22,-25,-23,-14,-19,7,12,11,8,22,0,0,0,18,0]} 1. d4 Nf6 2. Nf3 d5 3. e3 c5 4. Nbd2 cxd4 5. exd4 Bf5 (5... Nc6 6. c3 g6 7. Bd3 Bg7 8. O-O O-O 9. Re1 Qc7 10. Nf1 Bg4 11. h3 Bxf3 12. Qxf3 e5 13. dxe5 Nxe5 14. Qd1 Nxd3 15. Qxd3 Qc6 16. Be3 Ne4 17. Bd4 {½-½ (45) Karjakin,S (2773)-Vachier Lagrave,M (2779) Saint Louis 2018}) 6. Ne5 {D04: Colle System} Nbd7 7. Ndf3 e6 8. c3 Be7 9. Bf4 $146 ({Predecessor:} 9. Qb3 Qc8 10. Be2 O-O 11. Nxd7 Nxd7 12. Bf4 a5 13. Rc1 {½-½ (59) Binder,K-Riepe,B DESC email 2001}) 9... O-O 10. Qb3 Nxe5 11. Bxe5 Ne4 12. Be2 f6 13. Bf4 g5 14. Be3 b5 15. a4 bxa4 16. Qxa4 Bd6 17. Ra2 a5 18. O-O Qb8 19. Kh1 (19. h3 $1 $11) 19... h5 20. c4 h4 21. h3 Bb4 (21... Bf4 $15 22. Bxf4 Qxf4) 22. Raa1 ({White should try} 22. c5 $14) 22... Ra7 23. Rac1 Rg7 24. cxd5 (24. c5 $11) 24... exd5 $15 25. Qb5 Qd6 26. Qa6 Qe7 (26... Qxa6 $17 27. Bxa6 Rb8) 27. Bd3 Kh8 28. Ng1 (28. Rfd1 $15) 28... Bh7 ({Black should play} 28... g4 $17 {...gxh3 is the strong threat.} 29. hxg4 Rxg4 30. Bxe4 Rxe4) 29. Bxe4 Qxe4 30. Rc8 Rxc8 31. Qxc8+ Rg8 32. Qa6 {The position is equal.} Be7 {[#] Hoping for ...g4.} 33. Re1 {Black must now prevent Bd2.} Bd8 34. Qd6 Be7 35. Qa6 {Threatens to win with Bd2.} Bd8 36. Qd6 Be7 37. Qa6 {Accuracy: White = 42%, Black = 31%.} 1/2-1/2

[Event "GCT Zagreb 2019"]
[Site "Zagreb"]
[Date "2019.06.29"]
[Round "4.5"]
[White "Vachier-Lagrave, Maxime"]
[Black "Giri, Anish"]
[Result "1/2-1/2"]
[WhiteElo "2779"]
[BlackElo "2779"]
[Annotator "TA"]
[PlyCount "91"]
[EventDate "2019.06.26"]
[EventType "tourn"]
[EventCountry "CRO"]
[SourceTitle "playchess.com"]
[Source "ChessBase"]
[SourceQuality "1"]

{[%evp 18,91,43,18,44,0,0,0,4,17,21,10,18,8,29,17,30,10,0,-45,-40,-50,24,0,36,24,40,31,36,36,32,35,23,11,37,35,83,85,70,16,39,10,57,0,0,0,33,17,15,27,712,-63,-63,-63,-63,-63,-63,-63,-63,-63,0,0,0,0,0,0,0,0,0,0,0,0,0,0,0,0]} 1. e4 e5 2. Nf3 Nc6 3. Bb5 a6 4. Ba4 Nf6 5. O-O Nxe4 6. d4 b5 7. Bb3 d5 8. dxe5 Be6 9. c3 Be7 10. Bc2 Bg4 {C83: Open Ruy Lopez: 9 c3 Be7} (10... O-O 11. Nbd2 f5 12. Nb3 Qd7 13. Nfd4 Nxd4 14. Nxd4 c5 15. Nxe6 Qxe6 16. f3 Ng5 17. a4 Rad8 18. axb5 axb5 19. Kh1 g6 20. b4 c4 21. Qd4 Qc6 22. Bxg5 Bxg5 23. Ra7 Ra8 {0-1 (35) Wei,Y (2729)-So,W (2780) chess.com INT 2018}) 11. Qe1 Nc5 12. Nd4 Nxd4 13. cxd4 Ne6 14. Qd2 O-O 15. Nc3 f5 {[#]} 16. Qd3 $146 ({Predecessor:} 16. f4 Kh8 17. h3 Bh5 18. Kh2 {½-½ (48) Sutovsky,E (2673)-Vocaturo,D (2609) Caleta 2018}) 16... Kh8 17. Bb3 {Threatens to win with f3.} c6 18. h3 Bh5 19. f4 g5 (19... c5 $1 $15 20. dxc5 (20. Bxd5 Nxd4 21. Be3 Rc8 $17) (20. Nxd5 $2 c4 $19 {[%mdl 64] Double Attack}) 20... Nxc5) 20. Kh2 gxf4 (20... b4 {is more complex.} 21. Na4 Qa5 22. Be3 Qb5 23. Qd2 gxf4 24. Bxf4 Be2) 21. Bd1 $1 $36 {[%cal Rd1h5][%mdl 2048] White has the initiative.} ({Much weaker is} 21. Bxf4 Bg5 $17) 21... Bxd1 22. Qxd1 Bg5 23. Ne2 {[%cal Rc1f4]} Ra7 24. Bxf4 Rg7 25. Qd2 Rfg8 26. Bxg5 Rxg5 27. Rf2 c5 28. b4 (28. Nf4 $14 Nxd4 29. b4) 28... cxb4 29. Qxb4 R5g6 (29... f4 $5 {[%cal Rf4f3]}) 30. Qc3 (30. Rg1 $1 $14) 30... Qh4 $11 31. Raf1 f4 32. Qf3 Rg3 $1 33. Qxd5 Ng5 $2 {[%mdl 8192]} (33... R8g6 $11) 34. Nxf4 $2 (34. Rxf4 $18 Rxh3+ 35. gxh3 Qxh3+ 36. Kg1 Ne6+ 37. Kf2 Nxf4 38. Nxf4) 34... Nxh3 $1 $15 35. Qxg8+ $1 (35. Nxh3 {[#] is a self mate.} Rxh3+ $1 {[%mdl 512]} 36. gxh3 Qg3+ 37. Kh1 Qxh3+ 38. Rh2 Qxf1#) 35... Rxg8 36. Nxh3 ({Much worse is} 36. gxh3 Qg3+ 37. Kh1 Qe3 $17) 36... Qxd4 37. e6 Qd6+ 38. Nf4 $1 Rf8 (38... a5 $15) 39. g3 $11 {aiming for Ng6+!The position is equal.} Rxf4 {[%mdl 64] [#] Remove Defender} (39... Re8 {keeps more tension.} 40. Nh5 Qa3 41. Re2 Qc5 42. Nf4 Qe7) 40. gxf4 {Hoping for Re1.} Qxe6 {[%mdl 4096] Endgame KQ-KRR} 41. f5 Qh6+ (41... Qf6 {looks sharper.} 42. Rg2 Qh6+ 43. Kg1 Qb6+ 44. Rff2 Qc5) 42. Kg3 Qg5+ 43. Kh3 Qh5+ 44. Kg3 Qg5+ 45. Kh3 Qh5+ 46. Kg3 {Accuracy: White = 44%, Black = 40%.} 1/2-1/2

[Event "GCT Zagreb 2019"]
[Site "Zagreb"]
[Date "2019.06.29"]
[Round "4.6"]
[White "Ding, Liren"]
[Black "Nakamura, Hikaru"]
[Result "1/2-1/2"]
[WhiteElo "2805"]
[BlackElo "2754"]
[Annotator "TA"]
[PlyCount "89"]
[EventDate "2019.06.26"]
[EventType "tourn"]
[EventCountry "CRO"]
[SourceTitle "playchess.com"]
[Source "ChessBase"]
[SourceQuality "1"]

{[%evp 16,89,25,21,36,25,25,18,18,14,27,17,14,0,0,0,0,4,4,0,0,0,0,0,0,0,0,0,0,1,4,3,6,0,1,0,0,0,0,0,0,0,0,0,0,0,0,0,0,0,30,0,0,0,6,6,6,6,6,6,16,0,0,0,0,0,0,0,0,0,0,0,0,0,0,0]} 1. d4 d5 2. c4 dxc4 3. Nf3 Nf6 4. e3 e6 5. Bxc4 a6 6. O-O c5 7. b3 cxd4 8. Nxd4 Be7 9. Bb2 O-O {D27: Queen's Gambit Accepted: Classical main line: 7 e4!? and 7 a4} 10. Nd2 b5 11. Be2 Bb7 12. Bf3 Ra7 13. Rc1 Qd7 {[#]} 14. Qe2 $146 ({Predecessor:} 14. Bxb7 Rxb7 15. N2f3 Rc7 16. Rxc7 Qxc7 17. Qb1 {½-½ (30) Lenderman,A (2637)-Nakamura,H (2746) Saint Louis 2019}) 14... Bxf3 15. N2xf3 Rc8 16. Ne5 Qe8 $1 17. Rxc8 Qxc8 18. Rc1 Rc7 19. Rxc7 Qxc7 20. Nd3 Qa5 21. Ba1 Qc7 22. Qc2 Qxc2 23. Nxc2 Nfd7 24. Kf1 Nc6 25. Nd4 Nxd4 26. Bxd4 $11 {[%mdl 4096] Endgame KBN-KBN} f5 27. Ke2 Bd6 28. f4 Kf7 29. h3 g6 30. Kd2 Ke7 31. Kc3 Kd8 32. Be5 Be7 33. Kd4 Kc8 {The position is equal.} 34. e4 fxe4 35. Kxe4 Nc5+ 36. Nxc5 Bxc5 {KB-KB} 37. g4 Kd7 38. f5 gxf5+ 39. gxf5 Ke7 40. a4 bxa4 41. bxa4 Ba3 42. Bd4 Bb4 43. Be5 Ba3 44. Bd4 Bb4 45. Be5 {Accuracy: White = 64%, Black = 88%.} 1/2-1/2

[Event "GCT Zagreb 2019"]
[Site "Zagreb"]
[Date "2019.06.30"]
[Round "5.1"]
[White "Nakamura, Hikaru"]
[Black "Nepomniachtchi, Ian"]
[Result "1/2-1/2"]
[WhiteElo "2754"]
[BlackElo "2775"]
[Annotator "TA"]
[PlyCount "129"]
[EventDate "2019.06.26"]
[EventType "tourn"]
[EventCountry "CRO"]
[SourceTitle "playchess.com"]
[Source "ChessBase"]
[SourceQuality "1"]

{[%evp 9,129,14,31,47,33,36,49,34,45,35,42,42,49,-5,26,12,19,4,0,0,-1,-24,-23,-12,-7,-4,0,0,0,0,0,0,0,0,0,0,0,0,0,0,0,-3,-3,-12,0,0,0,0,0,0,1,0,0,0,0,0,0,0,0,0,0,0,0,0,0,0,12,8,20,0,18,19,73,2,2,0,73,66,66,66,83,92,83,0,68,69,69,69,65,72,72,72,71,71,71,71,70,67,54,29,81,81,81,25,87,0,0,0,0,0,0,0,0,0,0,0,0,0,0,0,0,0]} 1. d4 Nf6 2. c4 g6 3. Nc3 d5 4. cxd5 Nxd5 5. Na4 Bf5 (5... Nb6 6. e4 Bg7 7. Be3 O-O 8. Nf3 Nc6 9. Bb5 Bg4 10. Bxc6 bxc6 11. Nc5 Nc4 12. Qc2 Nxe3 13. fxe3 Bxf3 14. gxf3 e5 15. dxe5 Bxe5 16. Nd3 Bg7 {0-1 (37) Xiong,J (2672)-Salem,A (2672) chess.com INT 2019}) 6. f3 {And now e4 would win. D85: Exchange Grünfeld: Unusual White 7th moves and lines with 7 Nf3} Nb6 7. e4 Nxa4 8. Qxa4+ $146 {White is slightly better.} ({Predecessor:} 8. Bb5+ Bd7 9. Bxa4 Bg7 10. Ne2 c5 11. Bxd7+ Qxd7 12. d5 O-O 13. Be3 {½-½ (50) Li,D (2434)-Schreiner,P (2472) Zadar 2016}) 8... Bd7 9. Qb3 Bg7 10. Be3 ({Much weaker is} 10. Qxb7 Nc6 $15) 10... O-O 11. d5 (11. Rc1 $14) 11... b6 12. Rd1 Qe8 {White must now prevent ...Ba4.} 13. Rd2 c6 14. Ne2 e6 15. dxc6 Nxc6 16. Qa3 Ne5 {Threatens to win with ...Nc4.} 17. Nc3 b5 18. Qa6 {[%cal Rc3b5]} b4 19. Nd1 $1 Qe7 20. Be2 Rfd8 21. O-O Bc8 22. Rxd8+ Qxd8 23. Qa4 a5 24. Nf2 Bd7 25. Qd1 Nc6 26. b3 Be8 27. Qxd8 Rxd8 28. Rd1 Bd4 29. Bxd4 Nxd4 30. Kf1 Kf8 31. e5 Bc6 32. Ng4 Ke7 33. Nf6 h5 34. Rc1 Kf8 35. Kf2 a4 36. bxa4 Bxa4 37. Rc7 b3 38. axb3 Bxb3 39. Ke3 Ba4 40. Bd3 Nc6 (40... Nf5+ $11 {remains equal.} 41. Bxf5 exf5) 41. Nd7+ (41. Bc2 $1 $16 {[%cal Rc2a4]} Bb5 42. Rb7) 41... Ke8 $1 $11 42. Nf6+ ({White should play} 42. Be4 $11 Rxd7 43. Rxc6) 42... Kf8 $16 43. Bc2 $1 {[%cal Rc2a4]} Bb5 44. Kf4 Ne7 45. Nh7+ Ke8 {...Nd5+ is the strong threat.} 46. Nf6+ Kf8 47. Be4 $1 Rc8 48. Ra7 Bc6 49. Kg5 Bxe4 50. Nxe4 {[%mdl 4096] Endgame KRN-KRN} Nc6 51. Rb7 $1 {Hoping for Kf6.} Kg7 52. Nd6 Rf8 53. f4 Nd4 54. Rd7 Nf5 {[#]} (54... Nc2 $11 {keeps the balance.}) 55. Nxf5+ $1 gxf5 {KR-KR} 56. Rd3 (56. h3 $16) 56... Ra8 {[#]} (56... Rg8 $1 $11) 57. Rg3 ({White should try} 57. Rd2 $1 $16) 57... f6+ $11 {The position is equal.} 58. Kxh5+ Kf7 {[%cal Ra8h8]} 59. Rg6 fxe5 60. fxe5 Ra5 61. Kh6 {aiming for Rf6+.} Rxe5 62. Rg7+ Kf6 63. Rg6+ Kf7 64. Rg7+ Kf6 65. Rg6+ {Accuracy: White = 63%, Black = 67%.} 1/2-1/2

[Event "GCT Zagreb 2019"]
[Site "Zagreb"]
[Date "2019.06.30"]
[Round "5.2"]
[White "Karjakin, Sergey"]
[Black "Carlsen, Magnus"]
[Result "1/2-1/2"]
[WhiteElo "2748"]
[BlackElo "2875"]
[Annotator "TA"]
[PlyCount "84"]
[EventDate "2019.06.26"]
[EventType "tourn"]
[EventCountry "CRO"]
[SourceTitle "playchess.com"]
[Source "ChessBase"]
[SourceQuality "1"]

{[%evp 9,84,20,18,31,22,32,36,27,46,29,49,40,45,42,49,47,64,55,70,27,35,23,19,17,21,22,12,14,28,12,6,0,23,19,17,15,8,0,4,0,0,0,0,-11,0,0,0,0,0,0,0,0,0,0,0,0,0,0,0,0,0,0,0,0,0,0,0,0,0,0,0,0,0,0,0,0,0]} 1. d4 d5 2. c4 e6 3. Nf3 a6 4. cxd5 exd5 5. Nc3 h6 6. Bf4 {D31: Queen's Gambit Declined: Semi-Slav without ...Nf6 (+ Marshall Gambit and Noteboom) and Exchange Variation lines without ...Nf6} Nf6 7. e3 Bd6 8. Be5 {White is slightly better.} (8. Bxd6 Qxd6 9. Qc2 O-O 10. Bd3 Re8 11. h3 Be6 12. O-O Nbd7 13. a4 {½-½ (40) Shankland,S (2725)-Carlsen,M (2835) Wijk aan Zee 2019}) 8... Be6 $146 ({Predecessor:} 8... c6 9. Bd3 O-O 10. O-O Re8 11. Na4 Bg4 12. Bxd6 Qxd6 {0-1 (75) Egresi,M (2178)-Gergacz,B (2034) Hungary 2015}) 9. Qb3 Ra7 10. Bd3 Bxe5 11. Nxe5 O-O 12. O-O Nbd7 13. f4 {Strongly threatening f5.} c5 14. f5 c4 {[%mdl 64] [#] Double Attack} 15. Qa3 cxd3 16. fxe6 fxe6 {And now ...Nxe5 would win.} 17. Nxd3 Ra8 18. Qd6 Qb6 19. Qxb6 Nxb6 20. Nc5 Rf7 21. b3 Re8 {The position is equal.} 22. Rac1 e5 23. h3 Nc8 24. Nd3 exd4 25. exd4 Na7 26. Nf4 Nc6 27. Nfxd5 Nxd5 28. Nxd5 Rd7 29. Rc5 Nxd4 30. Rd1 Ne6 31. Rc4 {[#] aiming for Nf6+!} Red8 32. Re1 Rxd5 33. Rxe6 R8d6 34. Rxd6 (34. Re7 {looks sharper.} Rd7 35. Rxd7 Rxd7 36. a4 Kh7 37. Rb4) 34... Rxd6 $11 {[%mdl 4096] Endgame KR-KR} 35. a4 b6 36. b4 Rd1+ 37. Kf2 Ra1 38. Rc6 Ra2+ 39. Kf3 Ra3+ 40. Kf2 Ra2+ 41. Kf3 Ra3+ 42. Kf2 Ra2+ {Accuracy: White = 74%, Black = 84%.} 1/2-1/2

[Event "GCT Zagreb 2019"]
[Site "Zagreb"]
[Date "2019.06.30"]
[Round "5.3"]
[White "Caruana, Fabiano"]
[Black "So, Wesley"]
[Result "1/2-1/2"]
[WhiteElo "2819"]
[BlackElo "2754"]
[Annotator "TA"]
[PlyCount "82"]
[EventDate "2019.06.26"]
[EventType "tourn"]
[EventCountry "CRO"]
[SourceTitle "playchess.com"]
[Source "ChessBase"]
[SourceQuality "1"]

{[%evp 13,82,12,6,9,10,11,20,11,20,16,30,18,26,6,0,0,0,0,37,-25,-27,-13,-18,-29,-26,-41,-39,-43,-54,-36,-30,-46,-26,-61,-39,-25,-33,-31,-19,-48,-14,-17,-22,-21,-22,-15,-22,-20,-18,-29,-1,-3,-6,-8,0,-8,-7,-4,-9,-30,0,0,0,0,0,0,0,0,0,0,0]} 1. e4 e5 2. Nf3 Nc6 3. Bc4 Bc5 4. c3 Nf6 5. d3 d6 6. O-O O-O 7. h3 a6 8. a4 {C54: Giuoco Piano: 4 c3 Nf6, main lines with 5 d4 and 5 d3} h6 9. Re1 Ba7 10. Nbd2 Re8 11. b4 (11. Qb3 Qe7 12. a5 b5 13. axb6 cxb6 14. Bd5 Qc7 {½-½ (35) Nakamura,H (2761)-Grischuk,A (2772) Moscow 2019}) 11... Be6 12. Bxe6 Rxe6 13. Nb3 Ne7 14. Nh4 d5 {[#] And now ...dxe4 would win.} 15. Qe2 $146 ({Predecessor:} 15. Be3 dxe4 16. Bxa7 Rxa7 17. dxe4 Qxd1 18. Raxd1 {½-½ (41) Alekseev,E (2638)-Goryachkina,A (2452) Khanty-Mansiysk 2016}) 15... Rd6 16. Nc5 (16. Bb2 $14) 16... Bxc5 $11 17. bxc5 Re6 18. Qf3 dxe4 19. dxe4 Qd7 20. a5 Rd8 21. Rb1 Qc6 22. Qe3 Kh7 23. Rb4 Ng6 (23... Nh5 {seems wilder.} 24. Nf5 Nf4 25. Qf3 Qxc5 26. Rxb7 Rd3) 24. Nxg6 fxg6 25. f3 Nh5 26. Qf2 g5 27. Kh2 Nf4 28. Bxf4 gxf4 29. Reb1 Rd3 30. Rxb7 Rxc3 31. Rb8 Qxc5 32. Qh4 Qe7 (32... Qxa5 {[#]} 33. Qd8 $1 $18 {[%mdl 512]}) 33. Qg4 Rc2 34. Qf5+ g6 35. Qf8 $1 {[%cal Rf8h8]} Qxf8 36. Rxf8 {[%mdl 4096] Endgame KRR-KRR} Kg7 37. Rbb8 {The position is equal.} Rd6 38. Rg8+ Kh7 39. Rh8+ Kg7 40. Rhg8+ Kh7 41. Rh8+ Kg7 {Accuracy: White = 64%, Black = 54%.} 1/2-1/2

[Event "GCT Zagreb 2019"]
[Site "Zagreb"]
[Date "2019.06.30"]
[Round "5.4"]
[White "Anand, Viswanathan"]
[Black "Vachier-Lagrave, Maxime"]
[Result "1/2-1/2"]
[WhiteElo "2767"]
[BlackElo "2779"]
[Annotator "TA"]
[PlyCount "85"]
[EventDate "2019.06.26"]
[EventType "tourn"]
[EventCountry "CRO"]
[SourceTitle "playchess.com"]
[Source "ChessBase"]
[SourceQuality "1"]

{[%evp 11,85,16,20,0,2,5,24,5,4,4,8,4,6,14,7,14,39,10,0,8,14,0,14,-9,10,8,0,10,12,0,0,-7,0,0,0,0,0,0,0,0,10,12,12,2,10,8,7,7,6,0,0,0,0,0,0,0,0,0,0,0,0,0,0,0,0,0,0,0,0,0,0,0,0,0,0,0]} 1. e4 c5 2. Nf3 d6 3. Bb5+ Bd7 4. Bxd7+ Nxd7 5. O-O Ngf6 6. Qe2 Rc8 7. b3 {B52: Sicilian: Moscow Variation with 3...Bd7} g6 8. Bb2 e5 9. d3 $146 {White has an edge.} ({Predecessor:} 9. c4 Bg7 10. d3 O-O 11. Nc3 Nh5 12. Nd5 Nb8 13. a3 Nc6 14. b4 b6 {1-0 (62) Anand,V (2797)-Nakamura,H (2776) Zuerich 2015}) 9... Bg7 10. Nc3 Nf8 {[%cal Bd7f8,Bf8e6,Be6d4][%mdl 32]} 11. Nd2 Ne6 12. Nc4 a6 13. a4 O-O 14. g3 Nd4 {The position is equal.} 15. Qd1 Qd7 16. Ne3 Rce8 17. Rb1 h5 18. Ncd5 Nxd5 19. Nxd5 Nc6 20. Bc1 f5 21. f3 Ne7 22. Nxe7+ Rxe7 23. Bg5 Ref7 {[%cal Be7f7,Bf7f5,Bf5e5][%mdl 32]} 24. Qe2 Kh7 25. Kg2 Bh6 (25... a5 {keeps more tension.} 26. exf5 Rxf5 27. Bd2 b6 28. Qe3 d5) 26. Bxh6 Kxh6 27. exf5 Rxf5 28. b4 cxb4 29. Rxb4 R8f7 30. d4 Qc6 31. dxe5 Rxe5 32. Qc4 Rc7 33. Qxc6 Rxc6 34. Rxb7 $11 {[%mdl 4096] Endgame KRR-KRR} Re2+ 35. Rf2 Rxf2+ 36. Kxf2 Rxc2+ {KR-KR} 37. Ke3 Rc4 38. Rb6 Rxa4 39. Rxd6 Ra3+ 40. Kf4 Ra4+ 41. Ke3 Ra3+ 42. Kf4 Ra4+ 43. Ke3 {Accuracy: White = 60%, Black = 74%.} 1/2-1/2

[Event "GCT Zagreb 2019"]
[Site "Zagreb"]
[Date "2019.06.30"]
[Round "5.5"]
[White "Giri, Anish"]
[Black "Ding, Liren"]
[Result "0-1"]
[WhiteElo "2779"]
[BlackElo "2805"]
[Annotator "TA"]
[PlyCount "128"]
[EventDate "2019.06.26"]
[EventType "tourn"]
[EventCountry "CRO"]
[SourceTitle "playchess.com"]
[Source "ChessBase"]
[SourceQuality "1"]

{[%evp 19,128,4,19,0,12,0,0,0,9,0,18,10,10,21,11,1,23,25,25,0,0,0,6,0,0,-2,0,0,0,0,0,0,0,-7,0,0,0,-12,0,-6,-7,-34,-6,-18,-9,-56,-24,-48,-62,-98,-12,-16,-16,-31,-5,-5,-5,-12,-5,-7,-6,-19,-16,-16,-16,-16,-16,-65,-60,-66,-66,-93,-52,-84,-40,-52,-52,-58,-50,-50,-65,-65,-63,-93,-88,-131,-135,-161,-179,-229,-220,-236,-235,-210,-176,-734,-693,-1033,-1118,-1135,-1081,-2147,-1968,-2193,-2246,-1337,-1314,-1131,-1080,-1037,-682]} 1. d4 (1. h4 g5) 1... Nf6 2. c4 e6 3. Nf3 d5 4. Nc3 c6 5. e3 Nbd7 6. Qc2 Bd6 7. b3 O-O 8. Be2 b6 9. O-O Bb7 10. Bb2 Rc8 11. Rad1 {D45: Semi-Slav: 5 e3} c5 12. dxc5 Nxc5 13. cxd5 {The position is equal.} Nxd5 14. Bc4 Nb4 15. Qe2 Qe7 16. a3 Nc6 $1 17. b4 Nd7 18. Ne4 {[#]} Be5 $146 ({Predecessor:} 18... Bb8) 19. Bd3 {Black must now prevent b5.} ({Much worse is} 19. Rxd7 Qxd7 20. Bxe5 Nxe5 $17) 19... Bxb2 20. Qxb2 Rcd8 21. Rd2 f6 {aiming for ...Nce5.} 22. Bb1 Nde5 23. Nxe5 Nxe5 24. Rc1 Rxd2 25. Qxd2 Rd8 26. Qe2 Qd7 27. Nc3 Rc8 28. Rd1 Qe7 $36 {[%mdl 2048] Black fights for an advantage.} 29. Ne4 Bd5 30. f4 Nf7 31. Qd2 Qc7 32. Nf2 Nd6 33. e4 Bb3 $1 {[%cal Rb3d1]} 34. e5 Nf5 (34... Nc4 $17 35. Bxh7+ Kf8) 35. Re1 $11 fxe5 36. fxe5 Qc3 37. Qxc3 Rxc3 38. Ne4 Rc7 39. Kf2 Bd5 40. Rd1 h6 41. Nd6 Nxd6 42. exd6 {[%mdl 4096] Endgame KRB-KRB} Rc6 43. Be4 Rxd6 44. Ke3 Kf7 $1 45. Rc1 Ke7 46. Rc8 Rd7 47. Bxd5 Rxd5 $15 {KR-KR} 48. a4 Kd6 49. h4 Re5+ 50. Kd3 Rh5 51. Rd8+ Ke7 52. Rg8 Kf7 53. Ra8 a5 54. Ra6 axb4 55. Rxb6 Rxh4 56. a5 Rg4 57. a6 Rxg2 58. Kc4 Ra2 59. Kxb4 h5 60. Kb5 h4 61. Rc6 h3 62. Rc3 h2 63. Rf3+ Ke7 64. Rh3 g5 0-1